LEADER 00864nam0-22002891i-450- 001 990005489070403321 005 20050715154804.0 035 $a000548907 035 $aFED01000548907 035 $a(Aleph)000548907FED01 035 $a000548907 100 $a19990604d1970----km-y0itay50------ba 101 0 $aeng 105 $ay-------001yy 200 1 $aHISTORICAL studies of the English Parliament$fedited by E.B. Fryde and Edward Miller 210 $aCambridge$cCambridge University Press$d1970 215 $a2 v.$d23 cm 676 $a328.42$v21$zita 702 1$aFryde,$bE.B. 702 1$aMiller,$bEdward 801 0$aIT$bUNINA$gRICA$2UNIMARC 901 $aBK 912 $a990005489070403321 952 $a328.42 FRY 1 (1-2)$bST.MED.MOD.6760-6761$fFLFBC 959 $aFLFBC 996 $aHistorical studies of the english Parliament$9294836 997 $aUNINA LEADER 03931nam 22008051 450 001 9910953983003321 005 20240401223815.0 010 $a9780804789202 010 $a0804789207 024 7 $a10.1515/9780804789202 035 $a(CKB)2670000000499771 035 $a(EBL)1517503 035 $a(OCoLC)862609000 035 $a(SSID)ssj0001041088 035 $a(PQKBManifestationID)12431032 035 $a(PQKBTitleCode)TC0001041088 035 $a(PQKBWorkID)11002177 035 $a(PQKB)10842980 035 $a(DE-B1597)564527 035 $a(DE-B1597)9780804789202 035 $a(Au-PeEL)EBL1517503 035 $a(CaPaEBR)ebr10791305 035 $a(OCoLC)865853481 035 $a(OCoLC)1178769015 035 $a(PPN)248789341 035 $a(FR-PaCSA)88897461 035 $a(MiAaPQ)EBC1517503 035 $a(Perlego)745458 035 $a(FRCYB88897461)88897461 035 $a(EXLCZ)992670000000499771 100 $a20130531h20142014 uy 0 101 0 $aeng 135 $aurcnu|||||||| 181 $ctxt 182 $cc 183 $acr 200 10$aMore than money $efive forms of capital to create wealth and eliminate poverty /$fPaul C. Godfrey 205 $a1st ed. 210 1$aStanford, California :$cStanford University Press,$d[2014] 210 4$dİ2014 215 $a1 online resource (240 p.) 300 $aDescription based upon print version of record. 311 08$a9780804782807 311 08$a0804782806 311 08$a9780804782791 311 08$a0804782792 320 $aIncludes bibliographical references and index. 327 $aIntroduction : eliminating, not alleviating poverty -- More than money -- Self-reliance : the mechanism that eliminates poverty -- Part I. The five types of capital. Institutional capital : yarn-dyed cloth -- Social capital : a double-edged sword -- Human capital : the heart of the matter -- Organizational capital : power from simple machines -- Physical capital : the last puzzle piece -- Part II. Creating effective organizations. Mission and vision : leading the fight with values -- Ecosystems of development : systems to fight a system -- Measuring impact : are we winning? -- Eudemonia : human flourishing and the end of poverty. 330 $aIs poverty inevitable? No, says author Paul Godfrey. More than Money shows how organizations can win the fight against poverty and create prosperity for people at the base of the pyramid in the developing and developed world. This book presents a novel framework that shows how five types of interrelated capital?institutional, human, social, organizational, and physical?enable development and sustainable growth. In addition to a widely-applicable model, Godfrey provides principles to guide application. Core chapters articulate each specific form of capital and provide examples of how it contributes to the triple bottom line. Not just a theoretical examination of poverty, More than Money delivers timely advice to organizations that produce goods and services, implement policies, and create meaningful change on the ground. This book will guide social innovators and entrepreneurs in business, government, and civil society settings as they create a vision, assemble a team of strong partners, and effectively measure social innovation. 606 $aCapital 606 $aEconomic development 606 $aOrganization 606 $aPoverty 606 $aSelf-reliance 606 $aSocial capital (Sociology) 615 0$aCapital. 615 0$aEconomic development. 615 0$aOrganization. 615 0$aPoverty. 615 0$aSelf-reliance. 615 0$aSocial capital (Sociology) 676 $a658.15/2 700 $aGodfrey$b Paul C$01102552 801 0$bMiAaPQ 801 1$bMiAaPQ 801 2$bMiAaPQ 906 $aBOOK 912 $a9910953983003321 996 $aMore than money$94336109 997 $aUNINA